[Event "FRA-ch op-A"]
[Site "Chartres"]
[Date "2019.??.??"]
[Round "5"]
[White "Burille, Matthieu"]
[Black "Amoyal, Pierre"]
[Result "0-1"]
[WhiteElo "2127"]
[BlackElo "2117"]
[PlyCount "72"]
[EventDate "2019.08.17"]
[EventType "swiss"]
[EventRounds "9"]
[EventCountry "FRA"]
[SourceTitle "EXT 2020"]
[Source "ChessBase"]
[SourceDate "2019.10.17"]
[SourceVersion "1"]
[SourceVersionDate "2019.10.17"]
[SourceQuality "1"]

1. e4 c5 2. Nf3 g6 3. d4 cxd4 4. Nxd4 Bg7 5. Nc3 Nc6 6. Be3 Nf6 7. Bc4 0-0 8. Bb3 d6 9. f3 Bd7 10. Qd2 Nxd4 11. Bxd4 b5 12. Nd5 Nxd5 13. exd5 a5 14. Bxg7 Kxg7 15. Qd4+ Kg8 16. a4 Qc7 17. axb5 Bxb5 18. c4 Bd7 19. Kf2 Rfb8 20. Bd1 Qa7 21. Qxa7 Rxb2+ 22. Be2 Rxa7 23. Rhb1 Rxb1 24. Rxb1 a4 25. Ke3 a3 26. Ra1 a2 27. c5 dxc5 28. Bc4 Ra4 29. Bxa2 Ra3+ 30. Kd2 c4 31. Kc2 c3 32. d6 e6 33. Kd3 Ba4 34. f4 Kf8 35. g3 Bb3 36. Rb1 c2 0-1

[Event "Agneaux St Lo op 17th"]
[Site "Agneaux"]
[Date "2016.07.08"]
[Round "3.2"]
[White "Stets, Dmitry"]
[Black "Amoyal, Pierre"]
[Result "1-0"]
[WhiteElo "2416"]
[BlackElo "2103"]
[PlyCount "63"]
[EventDate "2016.07.07"]
[EventType "swiss"]
[EventRounds "9"]
[EventCountry "FRA"]
[SourceTitle "EXT 2020"]
[Source "ChessBase"]
[SourceDate "2019.10.17"]
[SourceVersion "1"]
[SourceVersionDate "2019.10.17"]
[SourceQuality "1"]

1. e4 c5 2. Nc3 Nc6 3. Nge2 g6 4. d4 cxd4 5. Nxd4 Bg7 6. Be3 Nf6 7. Bc4 0-0 8. Bb3 d6 9. f3 Nxd4 10. Bxd4 Be6 11. Qd2 Qa5 12. 0-0-0 Bxb3 13. cxb3 Rfc8 14. Kb1 b5 15. Rhe1 b4 16. Nd5 Nxd5 17. Bxg7 Nc3+ 18. bxc3 bxc3 19. Bxc3 Rxc3 20. Qd5 Qxd5 21. exd5 Kf8 22. Rc1 Rd3 23. Rc7 Re8 24. Rxa7 Rxd5 25. Rc7 h5 26. Kc2 e5 27. a4 Rb8 28. Kc3 f5 29. b4 Ra8 30. a5 Rd4 31. Ra1 Rd5 32. a6 1-0

[Event "Agneaux St Lo op 16th"]
[Site "Agneaux"]
[Date "2014.07.07"]
[Round "2"]
[White "Ostapchik, Anton"]
[Black "Amoyal, Pierre"]
[Result "1/2-1/2"]
[WhiteElo "1916"]
[BlackElo "2142"]
[PlyCount "127"]
[EventDate "2014.07.06"]
[EventType "swiss"]
[EventRounds "9"]
[EventCountry "FRA"]
[SourceTitle "EXT 2015"]
[Source "ChessBase"]
[SourceDate "2014.11.20"]
[SourceVersion "1"]
[SourceVersionDate "2014.11.20"]
[SourceQuality "1"]

1. d4 Nf6 2. c4 e6 3. Nf3 c5 4. Nc3 cxd4 5. Nxd4 Nc6 6. e4 Bb4 7. Nxc6 Bxc3+ 8. bxc3 dxc6 9. Bg5 Qa5 10. Bxf6 gxf6 11. Qd2 Ke7 12. Rd1 Rd8 13. Qxd8+ Qxd8 14. Rxd8 Kxd8 15. c5 b6 16. cxb6 axb6 17. Bc4 Ra4 18. Bb3 Rxe4+ 19. Kd2 Ba6 20. Re1 Rxe1 21. Kxe1 Kc7 22. Kd2 Kd6 23. a3 Bf1 24. g3 Bh3 25. Ke3 Bf5 26. h4 h6 27. f3 Bg6 28. Bd1 e5 29. Bb3 f5 30. Bd1 f6 31. Bb3 Be8 32. Bc2 Bd7 33. Bd3 Kc5 34. Be2 Be6 35. Bd3 b5 36. Bb1 Kb6 37. Bc2 Kc5 38. Bb1 Kb6 39. Bc2 Ka5 40. Bd1 c5 41. Bc2 Ba2 42. Bd1 Bb1 43. Bb3 c4 44. Bd1 Bd3 45. Kd2 f4 46. gxf4 exf4 47. Bc2 Bf1 48. Ke1 Bh3 49. Kf2 Bd7 50. Ke2 Kb6 51. Kf2 Kc5 52. Kg2 Kd5 53. Kf2 Ke5 54. Kg2 Bc6 55. Kf2 Kd6 56. Kg2 Ke5 57. Kf2 f5 58. Kg2 Kf6 59. Bd1 Kg6 60. Kh3 Kh5 61. Be2 Bd5 62. Bd1 Bc6 63. Be2 Bd5 64. Bd1 1/2-1/2

[Event "Agneaux St Lo IM 14th"]
[Site "Agneaux"]
[Date "2012.07.11"]
[Round "6"]
[White "Ornstein, Axel"]
[Black "Amoyal, Pierre"]
[Result "1-0"]
[WhiteElo "2392"]
[BlackElo "2155"]
[PlyCount "49"]
[EventDate "2012.07.07"]
[EventType "tourn"]
[EventRounds "9"]
[EventCountry "FRA"]
[EventCategory "3"]
[SourceTitle "EXT 2013"]
[Source "ChessBase"]
[SourceDate "2012.11.22"]
[SourceVersion "1"]
[SourceVersionDate "2012.11.22"]
[SourceQuality "1"]

1. Nf3 Nf6 2. c4 g6 3. Nc3 d5 4. cxd5 Nxd5 5. Qa4+ Bd7 6. Qc2 Nb6 7. d4 Bg7 8. e4 0-0 9. Be3 Nc6 10. d5 Nb4 11. Qb3 a5 12. a3 Na6 13. Rd1 Bg4 14. Be2 Rb8 15. 0-0 Nd7 16. h3 Nac5 17. Qc2 Bxf3 18. Bxf3 b6 19. Be2 f5 20. exf5 gxf5 21. f4 Nb7 22. Nb5 Rc8 23. Bd3 Nd6 24. Nxd6 cxd6 25. Qb1 1-0

[Event "Agneaux St Lo IM 14th"]
[Site "Agneaux"]
[Date "2012.07.08"]
[Round "2"]
[White "Bouget, Alexandre"]
[Black "Amoyal, Pierre"]
[Result "1/2-1/2"]
[WhiteElo "2202"]
[BlackElo "2155"]
[PlyCount "122"]
[EventDate "2012.07.07"]
[EventType "tourn"]
[EventRounds "9"]
[EventCountry "FRA"]
[EventCategory "3"]
[SourceTitle "EXT 2013"]
[Source "ChessBase"]
[SourceDate "2012.11.22"]
[SourceVersion "1"]
[SourceVersionDate "2012.11.22"]
[SourceQuality "1"]

1. d4 Nf6 2. c4 c5 3. d5 b5 4. cxb5 a6 5. Nc3 axb5 6. e4 b4 7. Nb5 d6 8. Bc4 g6 9. e5 dxe5 10. d6 exd6 11. Bg5 Ra5 12. Qb3 Rxb5 13. Bxb5+ Bd7 14. Bc4 Qe7 15. a3 Bg7 16. axb4 0-0 17. Ne2 cxb4 18. Qxb4 Nc6 19. Qd2 Be6 20. Bxf6 Bxf6 21. Bxe6 fxe6 22. 0-0 d5 23. Ra6 Qb7 24. Rfa1 e4 25. Nc3 Bd4 26. Nd1 Bb6 27. Qc3 Nb4 28. R6a3 Nd3 29. Kh1 Bxf2 30. Nxf2 Nxf2+ 31. Kg1 Qb6 32. Qe3 d4 33. Qg3 d3 34. Ra8 Ng4+ 35. Kh1 Nf6 36. Rxf8+ Kxf8 37. Qe5 Qd8 38. Rf1 Kg7 39. g4 e3 40. Qxe3 d2 41. Qf3 g5 42. Rd1 Qd4 43. Qe2 Ne4 44. Kg2 Qd5 45. Qf3 Qd4 46. Qe2 Kf6 47. Kf3 Ke5 48. Rxd2 Qxd2 49. Qxe4+ Kf6 50. b4 Qxh2 51. b5 Qh1+ 52. Ke3 Qe1+ 53. Kf3 Qf1+ 54. Kg3 Qxb5 55. Qxh7 Qe5+ 56. Kg2 Qe2+ 57. Kg3 Qe3+ 58. Kg2 Ke5 59. Qc7+ Kd4 60. Qd6+ Kc3 61. Qa3+ Kd4 1/2-1/2

[Event "FRA-chT2 0910"]
[Site "France"]
[Date "2009.12.13"]
[Round "6.4"]
[White "Giacomini, Hector"]
[Black "Amoyal, Pierre"]
[Result "1-0"]
[WhiteElo "2257"]
[BlackElo "2213"]
[PlyCount "119"]
[EventDate "2009.09.27"]
[EventType "team-tourn"]
[EventRounds "11"]
[EventCountry "FRA"]
[SourceTitle "EXT 2011"]
[Source "ChessBase"]
[SourceDate "2010.11.26"]
[SourceVersion "1"]
[SourceVersionDate "2010.11.26"]
[SourceQuality "1"]

1. d4 Nf6 2. Nf3 g6 3. g3 Bg7 4. Bg2 0-0 5. 0-0 d6 6. b3 c5 7. c4 Nc6 8. Bb2 Bf5 9. Nc3 Qc8 10. Re1 Re8 11. d5 Nb4 12. Nh4 Bg4 13. Qd2 Na6 14. e4 Bh3 15. e5 dxe5 16. Rxe5 Bxg2 17. Nxg2 Qh3 18. Nf4 Qh6 19. Re2 Ng4 20. h3 Ne5 21. Kg2 Nb4 22. Nb5 g5 23. Bxe5 Bxe5 24. Rxe5 gxf4 25. Qxf4 Qxf4 26. gxf4 Kh8 27. Nc7 Rg8+ 28. Kf3 Rad8 29. Rxe7 Nc2 30. Rd1 Rgf8 31. Nb5 a6 32. Nc3 Nd4+ 33. Ke4 Rfe8 34. Rxe8+ Rxe8+ 35. Kd3 b5 36. Ne4 bxc4+ 37. bxc4 Ne2 38. Kxe2 Rxe4+ 39. Kf3 Re8 40. Rb1 f5 41. Rb6 Re4 42. d6 Kg7 43. Rxa6 Rxc4 44. d7 Rd4 45. Rc6 Rd3+ 46. Ke2 Rxd7 47. Rxc5 Kf6 48. Rc6+ Kf7 49. Rc4 Kg6 50. a4 Kh5 51. Rc3 Rd4 52. Ra3 Rxf4 53. a5 Re4+ 54. Kf3 Kg5 55. a6 Re8 56. a7 Ra8 57. Ra6 h5 58. Kg3 f4+ 59. Kf3 Kh4 60. Ra5 1-0

[Event "FRA-chT2 0910"]
[Site "France"]
[Date "2009.11.22"]
[Round "4.4"]
[White "Amoyal, Pierre"]
[Black "Alam, Nure"]
[Result "1-0"]
[WhiteElo "2213"]
[BlackElo "1978"]
[PlyCount "117"]
[EventDate "2009.09.27"]
[EventType "team-tourn"]
[EventRounds "11"]
[EventCountry "FRA"]
[SourceTitle "EXT 2011"]
[Source "ChessBase"]
[SourceDate "2010.11.26"]
[SourceVersion "1"]
[SourceVersionDate "2010.11.26"]
[SourceQuality "1"]

1. d4 d5 2. c4 e6 3. Nc3 c6 4. e3 Nf6 5. Nf3 Bb4 6. Qb3 a5 7. a3 Bxc3+ 8. Qxc3 Nbd7 9. b3 0-0 10. Bd3 a4 11. b4 Nb6 12. Nd2 Re8 13. 0-0 Qe7 14. Bb2 Nbd7 15. e4 e5 16. Rae1 dxe4 17. Nxe4 Nxe4 18. Bxe4 f6 19. dxe5 Qf7 20. f4 Nb6 21. c5 Nc4 22. Bc1 f5 23. Bd3 Be6 24. Rf3 Rac8 25. Qc2 Ra8 26. g4 g6 27. gxf5 gxf5 28. Rh3 Kh8 29. Bf1 Rg8+ 30. Rg3 Rxg3+ 31. hxg3 Rg8 32. Qh2 Qd7 33. Qf2 Qg7 34. Bxc4 Bxc4 35. e6 Qxg3+ 36. Qxg3 Rxg3+ 37. Kf2 Rb3 38. e7 Bf7 39. e8Q+ Bxe8 40. Rxe8+ Kg7 41. Ra8 Kg6 42. Rxa4 h5 43. Ra8 h4 44. Rh8 h3 45. Be3 Rb2+ 46. Kf3 h2 47. Bf2 Rb3+ 48. Kg2 Rxa3 49. Rxh2 Ra2 50. Kf1 Rb2 51. Rg2+ Kf7 52. Rg7+ Ke6 53. Rxb7 Kd5 54. Re7 Rxb4 55. Re5+ Kc4 56. Rxf5 Kd3 57. Rf6 Ke4 58. Kg2 Rb8 59. Rxc6 1-0

[Event "FRA-chT2 0910"]
[Site "France"]
[Date "2009.10.04"]
[Round "1.3"]
[White "Croutte, Stephane"]
[Black "Amoyal, Pierre"]
[Result "1/2-1/2"]
[WhiteElo "2193"]
[BlackElo "2202"]
[PlyCount "55"]
[EventDate "2009.09.27"]
[EventType "team-tourn"]
[EventRounds "11"]
[EventCountry "FRA"]
[SourceTitle "EXT 2011"]
[Source "ChessBase"]
[SourceDate "2010.11.26"]
[SourceVersion "1"]
[SourceVersionDate "2010.11.26"]
[SourceQuality "1"]

1. d4 Nf6 2. c4 g6 3. Nc3 d5 4. Bf4 Bg7 5. e3 0-0 6. Nf3 c6 7. Qb3 Qa5 8. Be2 dxc4 9. Bxc4 b5 10. Bxf7+ Rxf7 11. Bxb8 Rxb8 12. Ne5 e6 13. Nxc6 Qb6 14. Nxb8 Qxb8 15. 0-0 b4 16. f3 Qb6 17. Na4 Qd6 18. Nc5 Nd5 19. Ne4 Qb6 20. Rac1 Bd7 21. Rfd1 Bh6 22. f4 a5 23. Rc5 a4 24. Qd3 Bf8 25. Rcc1 Bh6 26. Rc5 Bf8 27. Rcc1 Bh6 28. Rc5 1/2-1/2

[Event "FRA-ch op-A"]
[Site "Nimes"]
[Date "2009.08.19"]
[Round "8"]
[White "Amoyal, Pierre"]
[Black "Moingt, Anne"]
[Result "1/2-1/2"]
[WhiteElo "2139"]
[BlackElo "2130"]
[PlyCount "153"]
[EventDate "2009.08.11"]
[EventType "swiss"]
[EventRounds "11"]
[EventCountry "FRA"]
[SourceTitle "CBM 132 Extra"]
[Source "ChessBase"]
[SourceDate "2009.11.03"]
[SourceVersion "1"]
[SourceVersionDate "2009.11.03"]
[SourceQuality "1"]

1. d4 Nf6 2. Nf3 e6 3. g3 b5 4. Bg2 Bb7 5. 0-0 c5 6. a4 a6 7. axb5 axb5 8. Rxa8 Bxa8 9. Bg5 Na6 10. dxc5 Nxc5 11. Nc3 b4 12. Nb5 Qb6 13. Bxf6 gxf6 14. Nbd4 Bg7 15. Qd2 0-0 16. Ra1 f5 17. Qe3 Rc8 18. Rd1 Be4 19. Qg5 h6 20. Qe7 Qb8 21. Ne1 Bxg2 22. Nxg2 Bf8 23. Qh4 Ne4 24. Ne3 Qa7 25. Nb3 d5 26. Ra1 Qb6 27. Qf4 Bg7 28. g4 Ng5 29. Kh1 d4 30. Ng2 d3 31. cxd3 Nh3 32. Qe3 Nxf2+ 33. Kg1 Qxe3 34. Nxe3 Nxg4 35. Nc4 Ne5 36. Nba5 Ra8 37. Rc1 Nxc4 38. Nxc4 Ra2 39. Rb1 Kf8 40. Kf2 Ke7 41. Ke3 Bf6 42. d4 Ra8 43. Rd1 Rd8 44. Rd3 Rc8 45. Na5 Kd6 46. Rb3 Rb8 47. Kd3 Kd5 48. e3 Bd8 49. Nc4 Bc7 50. h3 f6 51. Nd2 Bd6 52. e4+ fxe4+ 53. Nxe4 Be7 54. Nc3+ Kc6 55. Ne2 Bd6 56. Kc4 Rg8 57. Rf3 f5 58. Nc1 Rg2 59. Nd3 h5 60. Re3 Rc2+ 61. Kb3 Rd2 62. Kc4 Kd7 63. b3 Rc2+ 64. Kb5 Rc3 65. Rf3 Ke7 66. Ne1 Rc1 67. Nd3 Rc3 68. Ne1 Kf6 69. Rxc3 bxc3 70. Kc4 f4 71. Kxc3 Kf5 72. Kd3 Kg5 73. Nf3+ Kf5 74. Nh4+ Kg5 75. Nf3+ Kf5 76. Nh4+ Kg5 77. Nf3+ 1/2-1/2

[Event "FRA-ch op-A"]
[Site "Nimes"]
[Date "2009.08.14"]
[Round "4"]
[White "Amoyal, Pierre"]
[Black "Labadie, Jean Jacques"]
[Result "1-0"]
[WhiteElo "2139"]
[BlackElo "2069"]
[PlyCount "93"]
[EventDate "2009.08.11"]
[EventType "swiss"]
[EventRounds "11"]
[EventCountry "FRA"]
[SourceTitle "CBM 132 Extra"]
[Source "ChessBase"]
[SourceDate "2009.11.03"]
[SourceVersion "1"]
[SourceVersionDate "2009.11.03"]
[SourceQuality "1"]

1. d4 Nf6 2. c4 e6 3. Nf3 d5 4. Nc3 Be7 5. g3 0-0 6. Bg2 dxc4 7. 0-0 a6 8. Ne5 Nc6 9. Nxc6 bxc6 10. Bxc6 Rb8 11. e3 Qd6 12. Bg2 c5 13. d5 exd5 14. Nxd5 Rd8 15. Nxe7+ Qxe7 16. Qc2 Be6 17. e4 Qb7 18. Rb1 Qb5 19. Bf4 Rb7 20. Bg5 Rd3 21. Bxf6 gxf6 22. e5 Bf5 23. exf6 Rb6 24. Qc1 Rdd6 25. Qg5+ Bg6 26. h4 h6 27. Qxh6 Rxf6 28. Qg5 Kh7 29. Rbe1 Rf5 30. Qg4 Qxb2 31. Be4 Re5 32. h5 Bxe4 33. Rxe4 Rf6 34. Rxc4 Ref5 35. Qe4 Kg7 36. h6+ Kxh6 37. Qe3+ Kg7 38. a4 Qb6 39. Qc3 Qc6 40. Rg4+ Kf8 41. Rb1 Qd6 42. Rf1 Qc6 43. Qd2 Rd6 44. Qb2 Re6 45. Qb1 Qf3 46. Qb8+ Re8 47. Qd6+ 1-0

[Event "FRA-chT1B 0809"]
[Site "France"]
[Date "2008.11.23"]
[Round "3.7"]
[White "Pinson, Jean Yves"]
[Black "Amoyal, Pierre"]
[Result "1/2-1/2"]
[WhiteElo "2032"]
[BlackElo "2161"]
[PlyCount "39"]
[EventDate "2008.10.19"]
[EventType "team-tourn"]
[EventRounds "11"]
[EventCountry "FRA"]
[SourceTitle "EXT 2010"]
[Source "ChessBase"]
[SourceDate "2010.11.25"]
[SourceVersion "1"]
[SourceVersionDate "2010.11.25"]
[SourceQuality "1"]
[WhiteTeam "Echiquier Berry Sologne"]
[BlackTeam "Deauville"]
[WhiteTeamCountry "FRA"]
[BlackTeamCountry "FRA"]

1. e4 e5 2. Nf3 Nc6 3. Bb5 a6 4. Ba4 Nf6 5. 0-0 Be7 6. c3 0-0 7. Re1 b5 8. Bb3 d5 9. exd5 e4 10. Ng5 Bg4 11. f3 exf3 12. gxf3 Nxd5 13. Nxh7 Bh3 14. Nxf8 Nf4 15. d4 Bd6 16. Bxf4 Bxf4 17. Ne6 Bxh2+ 18. Kxh2 Qh4 19. Nd2 Bxe6+ 20. Kg1 1/2-1/2